Miestne dane v Maďarsku

Analýza miestnych daní a ich význam pri hospodárení samospráv v Maďarsku. Poukázanie na neprimeraný vplyv vlády na hospodárenie miest a obcí, nakoľko pri prerozdeľovaní dotácií značnú úlohu zohráva politická príslušnosť ich vedenia.

Guardado en:
Detalles Bibliográficos
Autor principal: Horbulák, Zsolt, 1972-
Formato: Capítulo de libro
Lenguaje:eslovaco
Materias:
Etiquetas: Agregar Etiqueta
Sin Etiquetas, Sea el primero en etiquetar este registro!

MARC

LEADER 00000naa$a2200000$$$4500
001 0272005
005 20240502074304.9
041 0 |a slo 
044 |a SK 
245 1 0 |a Miestne dane v Maďarsku  |c Zsolt Horbulák 
520 |a Analýza miestnych daní a ich význam pri hospodárení samospráv v Maďarsku. Poukázanie na neprimeraný vplyv vlády na hospodárenie miest a obcí, nakoľko pri prerozdeľovaní dotácií značnú úlohu zohráva politická príslušnosť ich vedenia. 
610 2 0 |a regióny 
610 2 0 |a Maďarsko 
610 2 0 |a dane miestne 
610 2 0 |a správa verejná 
100 1 |a Horbulák, Zsolt, 1972-